000 00321nam a2200109 4500
999 _c13701
_d13701
008 190402b ||||| |||| 00| 0 eng d
245 _aMedia, activists slam verdict on 2 reporters.
260 _aPhilippines:
_bPhilippine Daily Inquirer;
_cc2018.
300 _apage A15.
650 0 _938100
_aJournalist.
942 _2ddc
_cPER